[Event "67. Provinciale PD"]
[Site "Monselice ITA"]
[Date "2007.01.13"]
[Round "2.6"]
[White "Cacco, Christian"]
[Black "Liberi, Michele"]
[Result "1-0"]
[WhiteElo "2291"]
[BlackElo "1440"]
[Annotator "Gabriele Ballarin"]
[PlyCount "83"]
[EventDate "2007.01.12"]
[EventType "swiss"]
[EventRounds "5"]
[EventCountry "ITA"]

1. d4 d5 2. Nf3 e6 3. c4 Nf6 4. Bg5 c5 5. cxd5 exd5 6. Nc3 Be6 7. Qb3 Qd7 8. Bxf6 gxf6 9. e3 c4 10. Qd1 Bb4 11. a3 Ba5 12. Nd2 a6 13. e4 b5 14. Qf3 Qe7 15. Be2 Nc6 16. exd5 Nxd4 17. Qe4 Nxe2 18. dxe6 Rd8 19. exf7+ Kxf7 20. Qxe7+ Kxe7 21. Kxe2 Rhe8 22. Rhd1 f5 23. Nf3 Kf6+ 24. Kf1 Bxc3 25. bxc3 Rb8 26. Rd7 h6 27. Ra7 Rb6 28. Rd1 Re7 29. Rxe7 Kxe7 30. Rd5 Ke6 31. Rc5 f4 32. Nd4+ Kf6 33. Ke2 Kg6 34. Kf3 Rf6 35. h4 h5 36. Rc7 Kh6 37. Ke4 Kg6 38. Ke5 a5 39. Rc6 Rxc6 40. Nxc6 b4 41. Nxb4 axb4 42. axb4 1-0

[Event "67. Provinciale PD"]
[Site "Monselice ITA"]
[Date "2007.01.13"]
[Round "2.7"]
[White "Corvino, Giuseppe"]
[Black "De Marchi, Alessandro"]
[Result "0-1"]
[WhiteElo "1440"]
[BlackElo "1561"]
[Annotator "Gabriele Ballarin"]
[PlyCount "100"]
[EventDate "2007.01.12"]
[EventType "swiss"]
[EventRounds "5"]
[EventCountry "ITA"]

1. e4 c5 2. Nf3 d6 3. d4 cxd4 4. Nxd4 Nf6 5. Nc3 a6 6. Be3 Nc6 7. g3 Ng4 8. Qd2 Nxe3 9. Qxe3 e5 10. Nb3 Be6 11. O-O-O Be7 12. Nd5 b5 13. Nxe7 Qxe7 14. f4 f6 15. f5 Bd7 16. Qd2 O-O 17. Qxd6 Qxd6 18. Rxd6 Rfd8 19. c4 b4 20. c5 Kf8 21. Bc4 Be8 22. Rhd1 Rdc8 23. Bd5 Ra7 24. Be6 Rcc7 25. Bc4 a5 26. a4 bxa3 27. bxa3 a4 28. Na1 Nd4 29. Nc2 Nxc2 30. Kxc2 Rxc5 31. Kd3 Rac7 32. Rc1 Rxc4 33. Rxc4 Bb5 34. Kd2 Bxc4 35. Rb6 Bb3 36. h4 h5 37. Rd6 Rc2+ 38. Ke3 Kg8 39. Kf3 Rc3+ 40. Kg2 Re3 41. Kh3 Rxe4 42. Rd3 Rd4 43. Re3 Bd1 44. Re1 Rd2 45. g4 Bxg4+ 46. Kg3 Rd3+ 47. Kf2 Rxa3 48. Re4 Bxf5 49. Rb4 Ra2+ 50. Ke1 Bc2 0-1

[Event "67. Provinciale PD"]
[Site "Monselice ITA"]
[Date "2007.01.13"]
[Round "2.8"]
[White "Ciancio, Mario"]
[Black "Biserni, Federica"]
[Result "1-0"]
[WhiteElo "1488"]
[BlackElo "1392"]
[Annotator "Gabriele Ballarin"]
[PlyCount "47"]
[EventDate "2007.01.12"]
[EventType "swiss"]
[EventRounds "5"]
[EventCountry "ITA"]

1. e4 e5 2. Nf3 Nc6 3. Nc3 Nf6 4. Bc4 Bc5 5. Ng5 O-O 6. d3 d6 7. O-O h6 8. Nf3 Bg4 9. h3 Bh5 10. g4 Bg6 11. Ne2 Qd7 12. Kg2 Nxg4 13. hxg4 Qxg4+ 14. Ng3 Bh5 15. Rh1 Bg6 16. Rh4 Qd7 17. Qh1 Nd4 18. Nxd4 Bxd4 19. c3 Bb6 20. Bxh6 gxh6 21. Rxh6 Kg7 22. Nh5+ Bxh5 23. Qxh5 Qc8 24. Qg4+ 1-0

[Event "67. Provinciale PD"]
[Site "Monselice ITA"]
[Date "2007.01.13"]
[Round "2.9"]
[White "Pinton, Roberto"]
[Black "Bressan, Paolo"]
[Result "0-1"]
[WhiteElo "1440"]
[BlackElo "1484"]
[Annotator "Gabriele Ballarin"]
[PlyCount "42"]
[EventDate "2007.01.12"]
[EventType "swiss"]
[EventRounds "5"]
[EventCountry "ITA"]

1. e4 e5 2. Nf3 d6 3. Bc4 Be7 4. Bb3 h6 5. d4 Bg4 6. h3 Bh5 7. Qd3 Nd7 8. Ba4 c6 9. c4 Qa5+ 10. Nc3 Bxf3 11. gxf3 Ngf6 12. Bd2 Qc7 13. f4 exd4 14. Qxd4 Nc5 15. Bc2 Ne6 16. f5 Nxd4 17. Bd1 c5 18. f4 Qc6 19. Rg1 O-O 20. e5 Ne4 21. Nxe4 Qxe4+ 0-1

[Event "67. Provinciale PD"]
[Site "Monselice ITA"]
[Date "2007.01.13"]
[Round "3.1"]
[White "Rossato, Armando"]
[Black "Sinato, Fabrizio"]
[Result "0-1"]
[WhiteElo "2070"]
[BlackElo "1927"]
[Annotator "Gabriele Ballarin"]
[PlyCount "124"]
[EventDate "2007.01.12"]
[EventType "swiss"]
[EventRounds "5"]
[EventCountry "ITA"]

1. d4 d5 2. Nf3 Nf6 3. e3 e6 4. Bd3 Nbd7 5. b3 b6 6. O-O Bb7 7. Bb2 Be7 8. Nbd2 O-O 9. Ne5 Nxe5 10. dxe5 Ne4 11. Rc1 c5 12. Qe2 Qc7 13. Rfd1 Nxd2 14. Rxd2 Rfd8 15. Rcd1 d4 16. exd4 Bg5 17. Qh5 h6 18. Re2 cxd4 19. h4 Be7 20. Bc1 Bf8 21. Qg4 Kh8 22. f4 g6 23. h5 Bc5 24. hxg6 fxg6 25. Qxe6 Qg7 26. Qh3 Bc8 27. Qg3 Bf5 28. Kf2 Rac8 29. Bb2 Qf7 30. Rh1 Kg7 31. Qh4 h5 32. Qg3 Rh8 33. b4 Bxb4 34. Bxd4 Bc5 35. Bxc5 bxc5 36. Qg5 Bxd3 37. cxd3 Rcf8 38. g3 Qd5 39. Rhe1 h4 40. Qe7+ Rf7 41. Qd6 hxg3+ 42. Ke3 Qxd6 43. exd6 Rd8 44. Kf3 Rxd6 45. Rd1 Rfd7 46. Re3 c4 47. d4 Kf6 48. Ra3 Rxd4 49. Ra6+ Kf5 50. Ra5+ Kf6 51. Ra6+ Kf5 52. Ra5+ Ke6 53. Ra6+ Kd5 54. Ra5+ Kc6 55. Rxd4 Rxd4 56. Rxa7 g2 57. Kxg2 Rxf4 58. Ra6+ Kb5 59. Rxg6 c3 60. Rg8 c2 61. Rb8+ Kc4 62. Rc8+ Kd3 0-1

[Event "67. Provinciale PD"]
[Site "Monselice ITA"]
[Date "2007.01.13"]
[Round "3.2"]
[White "Calicchia, Giovanni"]
[Black "Pomaro, Alberto"]
[Result "0-1"]
[WhiteElo "1775"]
[BlackElo "2054"]
[Annotator "Gabriele Ballarin"]
[PlyCount "86"]
[EventDate "2007.01.12"]
[EventType "swiss"]
[EventRounds "5"]
[EventCountry "ITA"]

1. e4 c6 2. Nf3 d5 3. exd5 cxd5 4. d4 Nf6 5. c3 Bf5 6. Bb5+ Nc6 7. Ne5 Qb6 8. Qa4 Rc8 9. Nd2 e6 10. Ndf3 Be7 11. O-O O-O 12. Bxc6 bxc6 13. b4 Rfd8 14. h3 Ne4 15. Qb3 a5 16. a3 c5 17. dxc5 Bxc5 18. Nd3 Bd6 19. Be3 Qb5 20. Nb2 Nxc3 21. Nd4 Ne2+ 22. Nxe2 Qxe2 23. bxa5 Be5 24. Bb6 Qxb2 25. Qxb2 Bxb2 26. Ra2 Bc3 27. Bxd8 Rxd8 28. Rc1 d4 29. g4 Be4 30. Re2 Bf3 31. Re5 f6 32. Rxe6 d3 33. Rxc3 d2 34. Rxf3 d1=Q+ 35. Kg2 Qd5 36. Ree3 Qxa5 37. Kg3 Rd1 38. Re8+ Kf7 39. Rfe3 Qc7+ 40. Kg2 Qc6+ 41. Kg3 Rg1+ 42. Kh4 Qxe8 43. Rxe8 Kxe8 0-1

[Event "67. Provinciale PD"]
[Site "Monselice ITA"]
[Date "2007.01.13"]
[Round "3.3"]
[White "Marson, Luca"]
[Black "Rosina, Graziano"]
[Result "0-1"]
[WhiteElo "1926"]
[BlackElo "1779"]
[Annotator "Gabriele Ballarin"]
[PlyCount "87"]
[EventDate "2007.01.12"]
[EventType "swiss"]
[EventRounds "5"]
[EventCountry "ITA"]

1. e4 e5 2. Nf3 Nf6 3. Nxe5 d6 4. Nf3 Nxe4 5. d4 d5 6. Bd3 Nc6 7. O-O Be7 8. Re1 Bf5 9. c4 Nb4 10. Bf1 O-O 11. a3 Nc6 12. Nc3 Nxc3 13. bxc3 Bf6 14. Bf4 Rc8 15. h3 Na5 16. c5 Qd7 17. Be5 b6 18. Bxf6 gxf6 19. Nh4 Bg6 20. Re3 bxc5 21. Rg3 Kh8 22. dxc5 Rg8 23. Qd4 Qc6 24. Re1 Nb3 25. Qf4 Nxc5 26. Nf5 Bxf5 27. Rxg8+ Rxg8 28. Qxf5 Rg5 29. Qc8+ Kg7 30. Re8 Qd6 31. Rh8 Kh6 32. Qe8 Ne6 33. Qxf7 Rg7 34. Qxf6+ Rg6 35. Qh4+ Kg7 36. Qxh7+ Kf6 37. Bd3 Rg7 38. Qh6+ Ke7 39. Bf5 Qe5 40. Bxe6 Kd6 41. Bg4+ Kc5 42. Rb8 c6 43. Rc8 Rc7 44. Qe3+ $138 0-1

[Event "67. Provinciale PD"]
[Site "Monselice ITA"]
[Date "2007.01.13"]
[Round "3.4"]
[White "De Marchi, Alessandro"]
[Black "Cacco, Christian"]
[Result "0-1"]
[WhiteElo "1561"]
[BlackElo "2291"]
[Annotator "Gabriele Ballarin"]
[PlyCount "57"]
[EventDate "2007.01.12"]
[EventType "swiss"]
[EventRounds "5"]
[EventCountry "ITA"]

1. d4 c5 2. d5 d6 3. Nf3 g6 4. c4 Bg7 5. Nc3 Nf6 6. e4 O-O 7. h3 Na6 8. Be2 Nc7 9. O-O a6 10. Bf4 Nd7 11. Qd2 Rb8 12. Rab1 b5 13. b3 Ne8 14. cxb5 Qa5 15. Rfc1 axb5 16. Bh6 Nc7 17. Bxg7 Kxg7 18. Qb2 f6 19. Nh2 b4 20. Nd1 Ra8 21. Rc2 Qa3 22. Qa1 Ba6 23. f4 e5 24. fxe5 Nxe5 25. Nf3 Rae8 26. Rbb2 Nd3 27. Bxd3 Bxd3 28. Rd2 Bxe4 29. Nf2 0-1

[Event "67. Provinciale PD"]
[Site "Monselice ITA"]
[Date "2007.01.13"]
[Round "3.5"]
[White "Guclu, Yaman"]
[Black "Quaranta, Gaetano"]
[Result "1-0"]
[WhiteElo "2033"]
[BlackElo "1830"]
[Annotator "Gabriele Ballarin"]
[PlyCount "141"]
[EventDate "2007.01.12"]
[EventType "swiss"]
[EventRounds "5"]
[EventCountry "ITA"]

1. d4 d5 2. c4 e6 3. Nc3 Nf6 4. Nf3 c5 5. cxd5 Nxd5 6. e4 Nxc3 7. bxc3 Qc7 8. Be2 Nc6 9. O-O Be7 10. Be3 cxd4 11. cxd4 O-O 12. Qb1 Qd8 13. Rd1 Bf6 14. Bb5 Bd7 15. e5 Be7 16. Bd3 g6 17. Qxb7 Rb8 18. Qa6 Nb4 19. Qc4 Bb5 20. Qxb5 Rxb5 21. Bxb5 Nc2 22. Rac1 Nxe3 23. fxe3 Qa5 24. Bc4 Rc8 25. Rc2 Ba3 26. Nd2 Qd8 27. Nf3 Qa5 28. Nd2 Qd8 29. Rb1 Rb8 30. Bb3 Qg5 31. Nc4 Bf8 32. Rf1 Rc8 33. Re2 Qd8 34. Ref2 Rc7 35. Kh1 Bb4 36. Rf6 Kg7 37. Nb2 Bd2 38. R6f3 Bc3 39. Nc4 Bb4 40. h3 Kg8 41. Rf6 Kg7 42. Nb2 Bc3 43. Nd3 Re7 44. Nc5 Bd2 45. Ne4 Bb4 46. Ng5 Qd7 47. Rxf7+ Kh8 48. Bxe6 Qb5 49. Rf8+ Kg7 50. Rg8+ Kh6 51. Nf7+ Rxf7 52. Rxf7 Bd2 53. Rh8 Qb1+ 54. Kh2 Qe4 55. Rhxh7+ Kg5 56. h4+ Qxh4+ 57. Rxh4 Kxh4 58. Rxa7 Bxe3 59. Ra4 Kg5 60. Kg3 Bf4+ 61. Kf3 Bd2 62. d5 Bc3 63. Ke4 Kh6 64. Ra3 Bb4 65. Rf3 g5 66. Kf5 Be7 67. d6 Bd8 68. Bd5 g4 69. Kxg4 Kg7 70. e6 Kg8 71. e7+ 1-0

[Event "67. Provinciale PD"]
[Site "Monselice ITA"]
[Date "2007.01.13"]
[Round "3.6"]
[White "Zannol, Roberto"]
[Black "Ciancio, Mario"]
[Result "1-0"]
[WhiteElo "1784"]
[BlackElo "1488"]
[Annotator "Gabriele Ballarin"]
[PlyCount "57"]
[EventDate "2007.01.12"]
[EventType "swiss"]
[EventRounds "5"]
[EventCountry "ITA"]

1. Nf3 Nf6 2. g3 Nc6 3. Bg2 e5 4. d3 d5 5. Nbd2 Be6 6. O-O Qd7 7. Re1 Bc5 8. Nb3 Bd6 9. e4 dxe4 10. dxe4 h6 11. c3 g5 12. Qc2 Bh3 13. Be3 O-O-O 14. Rad1 g4 15. Nh4 b6 16. a4 Qe6 17. Nc1 h5 18. b4 Ne7 19. Qd3 Kb7 20. Qc2 Rdg8 21. Bh1 Ng6 22. Nf5 h4 23. Qe2 hxg3 24. fxg3 Rh5 25. a5 Be7 26. axb6 axb6 27. Nd3 Nd7 28. Ra1 Rgh8 29. Ng7 1-0

[Event "67. Provinciale PD"]
[Site "Monselice ITA"]
[Date "2007.01.13"]
[Round "3.7"]
[White "Bressan, Paolo"]
[Black "Corvino, Giuseppe"]
[Result "1-0"]
[WhiteElo "1484"]
[BlackElo "1440"]
[Annotator "Gabriele Ballarin"]
[PlyCount "37"]
[EventDate "2007.01.12"]
[EventType "swiss"]
[EventRounds "5"]
[EventCountry "ITA"]

1. e4 e5 2. g3 Nc6 3. Bg2 Bc5 4. Ne2 d6 5. h3 Be6 6. O-O Qd7 7. Kh2 Nf6 8. f3 h5 9. c3 h4 10. g4 O-O-O 11. d4 exd4 12. cxd4 Bxd4 13. Nxd4 Nxd4 14. Qxd4 Kb8 15. Bg5 Qe7 16. Kh1 b5 17. f4 Bxg4 18. hxg4 h3 19. Bf3 {Nur} 1-0

[Event "67. Provinciale PD"]
[Site "Monselice ITA"]
[Date "2007.01.13"]
[Round "3.8"]
[White "Biserni, Federica"]
[Black "Marchiolro, Michele"]
[Result "1-0"]
[WhiteElo "1392"]
[BlackElo "1565"]
[Annotator "Gabriele Ballarin"]
[PlyCount "47"]
[EventDate "2007.01.12"]
[EventType "swiss"]
[EventRounds "5"]
[EventCountry "ITA"]

1. e4 d6 2. d4 Nf6 3. Nc3 g6 4. Nf3 Bg7 5. Be2 O-O 6. O-O c5 7. Be3 cxd4 8. Nxd4 a6 9. f4 Nc6 10. Qd2 Qc7 11. Bf3 Ng4 12. Nd5 Qd8 13. Nxc6 bxc6 14. Bb6 Qd7 15. Bxg4 f5 16. exf5 Bb7 17. Nc3 gxf5 18. Be2 Kh8 19. Bd4 e5 20. fxe5 dxe5 21. Be3 Qf7 22. Bh6 c5 23. Bf3 e4 24. Bxe4 1-0

[Event "67. Provinciale PD"]
[Site "Monselice ITA"]
[Date "2007.01.13"]
[Round "3.9"]
[White "Liberi, Michele"]
[Black "Pinton, Roberto"]
[Result "1-0"]
[WhiteElo "1440"]
[BlackElo "1440"]
[Annotator "Gabriele Ballarin"]
[PlyCount "62"]
[EventDate "2007.01.12"]
[EventType "swiss"]
[EventRounds "5"]
[EventCountry "ITA"]

1. d4 d5 2. c4 Nf6 3. Nc3 e6 4. Bg5 Be7 5. Nf3 h6 6. Bh4 Nbd7 7. e3 Nh5 8. Bxe7 Qxe7 9. cxd5 Nhf6 10. Bc4 Nb6 11. Bb5+ Bd7 12. dxe6 Bxb5 13. exf7+ Kxf7 14. Ne5+ Kg8 15. Qb3+ Bc4 16. Nxc4 Kh7 17. Nxb6 axb6 18. O-O Rhd8 19. Rac1 Kh8 20. Rfe1 Qd6 21. Nb5 Qd5 22. Qxd5 Nxd5 23. a3 c6 24. Nc3 Nc7 25. Red1 Ra5 26. e4 b5 27. d5 cxd5 28. Nxd5 Ne6 29. f4 Ra4 30. f5 Ng5 31. e5 Rf4 1-0

[Event "67. Provinciale PD"]
[Site "Monselice ITA"]
[Date "2007.01.14"]
[Round "4.1"]
[White "Pomaro, Alberto"]
[Black "Rosina, Graziano"]
[Result "1-0"]
[WhiteElo "2054"]
[BlackElo "1779"]
[Annotator "Gabriele Ballarin"]
[PlyCount "65"]
[EventDate "2007.01.12"]
[EventType "swiss"]
[EventRounds "5"]
[EventCountry "ITA"]

1. d4 d6 2. c4 e5 3. d5 f5 4. Nc3 Nf6 5. Bg5 Be7 6. Bxf6 Bxf6 7. e4 O-O 8. Nf3 f4 9. Be2 Qe8 10. Nd2 Qg6 11. Bf3 Be7 12. b4 Na6 13. a3 Bd7 14. Rc1 c5 15. dxc6 bxc6 16. O-O Nc7 17. Nb3 Rfd8 18. b5 c5 19. a4 Qf7 20. a5 Rab8 21. a6 Ne6 22. Bg4 Bf8 23. Nd5 Nd4 24. Bxd7 Nxb3 25. Be6 Qxe6 26. Qxb3 Qf7 27. Ra1 Rd7 28. Ra3 Be7 29. b6 Bd8 30. b7 g5 31. Qb5 g4 32. Qc6 f3 33. Qc8 1-0

[Event "67. Provinciale PD"]
[Site "Monselice ITA"]
[Date "2007.01.14"]
[Round "4.2"]
[White "Sinato, Fabrizio"]
[Black "Guclu, Yaman"]
[Result "1/2-1/2"]
[WhiteElo "1927"]
[BlackElo "2033"]
[Annotator "Gabriele Ballarin"]
[PlyCount "104"]
[EventDate "2007.01.12"]
[EventType "swiss"]
[EventRounds "5"]
[EventCountry "ITA"]

1. e4 e5 2. Nf3 Nc6 3. Bb5 a6 4. Ba4 Nf6 5. O-O b5 6. Bb3 Bb7 7. c3 Nxe4 8. d4 Na5 9. Nxe5 Nxb3 10. axb3 Be7 11. Qg4 g6 12. Bh6 d6 13. Nd3 Bg5 14. Bxg5 Qxg5 15. Qxg5 Nxg5 16. Re1+ Kd7 17. Nd2 Rhe8 18. f3 Rxe1+ 19. Rxe1 Re8 20. Rxe8 Kxe8 21. b4 Kd7 22. Kf2 h6 23. Ke3 Ne6 24. Kf2 Kc6 25. Ke3 Kb6 26. h4 c5 27. dxc5+ dxc5 28. bxc5+ Nxc5 29. b4 Nxd3 30. Kxd3 Bd5 31. Kd4 Ba2 32. h5 gxh5 33. Ne4 a5 34. bxa5+ Kxa5 35. Kc5 Ka4 36. Nd6 Kb3 37. Nxb5 Kc2 38. Kd4 Kd2 39. Nd6 Ke2 40. Ne4 Kf1 41. g3 Ke2 42. f4 Kf3 43. f5 Kg4 44. Ke5 Bb1 45. Nf6+ Kxg3 46. Nxh5+ Kg4 47. Nf6+ Kg5 48. Nh7+ Kg4 49. Nf6+ Kg5 50. c4 Bxf5 51. c5 Bc8 52. c6 h5 1/2-1/2

[Event "67. Provinciale PD"]
[Site "Monselice ITA"]
[Date "2007.01.14"]
[Round "4.3"]
[White "Cacco, Christian"]
[Black "Bressan, Paolo"]
[Result "1-0"]
[WhiteElo "2291"]
[BlackElo "1484"]
[Annotator "Gabriele Ballarin"]
[PlyCount "81"]
[EventDate "2007.01.12"]
[EventType "swiss"]
[EventRounds "5"]
[EventCountry "ITA"]

1. d4 Nf6 2. c4 e6 3. Nf3 c5 4. Nc3 a6 5. e4 h6 6. e5 Nh7 7. d5 exd5 8. Qxd5 Nc6 9. Be3 d6 10. exd6 Qxd6 11. Qxd6 Bxd6 12. O-O-O Be7 13. Nd5 O-O 14. Nxe7+ Nxe7 15. Bxc5 Re8 16. Nd4 Nf5 17. Bd3 Nxd4 18. Bxd4 Be6 19. b3 Rac8 20. Kb2 Nf8 21. Rhe1 Ng6 22. Be4 Rc7 23. g3 b5 24. Bb6 Rce7 25. Bc6 Rc8 26. Rd8+ Rxd8 27. Bxd8 Ra7 28. cxb5 axb5 29. Bxb5 Ra8 30. Bc7 Ne7 31. Rd1 Kh7 32. Bd6 Nf5 33. Bc5 Ra5 34. a4 Ra8 35. b4 g6 36. a5 Ng7 37. a6 Ne8 38. a7 Nc7 39. Bc6 Rg8 40. Bb6 Na8 41. Bd8 1-0

[Event "67. Provinciale PD"]
[Site "Monselice ITA"]
[Date "2007.01.14"]
[Round "4.4"]
[White "Calicchia, Giovanni"]
[Black "Rossato, Armando"]
[Result "0-1"]
[WhiteElo "1775"]
[BlackElo "2070"]
[Annotator "Gabriele Ballarin"]
[PlyCount "90"]
[EventDate "2007.01.12"]
[EventType "swiss"]
[EventRounds "5"]
[EventCountry "ITA"]

1. d4 g6 2. e4 Bg7 3. Nf3 d6 4. h3 e6 5. Bd3 Ne7 6. Nc3 Nd7 7. Be3 b6 8. O-O Bb7 9. Qd2 h6 10. Rad1 g5 11. Rfe1 Ng6 12. Ne2 Qe7 13. Ng3 O-O-O 14. Nh5 Bf8 15. Qe2 Nf6 16. Nxf6 Qxf6 17. Ba6 Nf4 18. Bxb7+ Kxb7 19. Bxf4 gxf4 20. e5 Qg7 21. Qe4+ d5 22. Qxf4 Rg8 23. g3 Be7 24. Kh2 Qh7 25. Re2 Rg6 26. b3 Qg7 27. c4 c6 28. cxd5 cxd5 29. Rc2 Rd7 30. Qc1 Qf8 31. a4 f5 32. exf6 Rxf6 33. Ne5 Rxf2+ 34. Kh1 Rxc2 35. Qxc2 Rc7 36. Qd3 Bb4 37. Rf1 Qg7 38. Kg2 Bd6 39. Re1 a6 40. Re3 Rc1 41. Ng6 Qc7 42. Ne5 Rc2+ 43. Kf3 Bxe5 44. dxe5 Qf7+ 45. Kg4 Rc3 0-1

[Event "67. Provinciale PD"]
[Site "Monselice ITA"]
[Date "2007.01.14"]
[Round "4.5"]
[White "Quaranta, Gaetano"]
[Black "Zannol, Roberto"]
[Result "1-0"]
[WhiteElo "1830"]
[BlackElo "1784"]
[Annotator "Gabriele Ballarin"]
[PlyCount "109"]
[EventDate "2007.01.12"]
[EventType "swiss"]
[EventRounds "5"]
[EventCountry "ITA"]

1. e4 d6 2. c4 Nf6 3. Nc3 g6 4. d4 Bg7 5. f3 e5 6. dxe5 dxe5 7. Qxd8+ Kxd8 8. Bg5 c6 9. O-O-O+ Kc7 10. g3 Na6 11. Bh3 Bxh3 12. Nxh3 Rad8 13. Nf2 Nc5 14. Rxd8 Rxd8 15. Ng4 Ncd7 16. Rd1 h5 17. Ne3 Nc5 18. Rxd8 Kxd8 19. Ng2 Ne6 20. Be3 Nd4 21. Ne1 Bf8 22. Bg5 Be7 23. Be3 Nd7 24. f4 f6 25. a3 Nb6 26. Bxd4 exd4 27. Ne2 Nxc4 28. Nxd4 Kd7 29. Nd3 Bf8 30. Nf3 Ke6 31. Kc2 b6 32. Kc3 Nd6 33. e5 Ne4+ 34. Kc2 c5 35. exf6 Kxf6 36. Nde5 Bh6 37. Nc6 a6 38. Nb8 g5 39. Nxg5 Nxg5 40. fxg5+ Kxg5 41. h3 Bg7 42. Nd7 Bd4 43. Nxb6 Bf2 44. g4 h4 45. Nd5 Bd4 46. b3 Kg6 47. Kd3 a5 48. b4 axb4 49. axb4 Bg1 50. b5 Kf7 51. b6 Ke6 52. b7 Bh2 53. Kc4 Bd6 54. Nb6 Ke7 55. Nc8+ 1-0

[Event "67. Provinciale PD"]
[Site "Monselice ITA"]
[Date "2007.01.14"]
[Round "4.6"]
[White "Ciancio, Mario"]
[Black "Marson, Luca"]
[Result "0-1"]
[WhiteElo "1488"]
[BlackElo "1926"]
[Annotator "Gabriele Ballarin"]
[PlyCount "82"]
[EventDate "2007.01.12"]
[EventType "swiss"]
[EventRounds "5"]
[EventCountry "ITA"]

1. e4 c5 2. Nf3 Nc6 3. d4 cxd4 4. Nxd4 Nf6 5. Nc3 d6 6. Be3 Ng4 7. Qd2 Nxe3 8. Qxe3 e6 9. Bd3 Be7 10. Nf3 Bd7 11. O-O O-O 12. a3 Qc7 13. Rfe1 a6 14. Ne2 Bf6 15. c3 Ne5 16. Rad1 Nxf3+ 17. Qxf3 Be5 18. Qh5 g6 19. Qh6 Ba4 20. Rd2 Rad8 21. Bc2 Bxc2 22. Rxc2 d5 23. exd5 Rxd5 24. Ng3 Bg7 25. Qh4 Rfd8 26. Rce2 Rd1 27. Qe4 Rxe1+ 28. Rxe1 Rd5 29. Qc2 Qf4 30. Re4 Rd2 31. Rxf4 Rxc2 32. Rb4 b5 33. h3 Bf8 34. Rb3 Rc1+ 35. Nf1 Bc5 36. a4 bxa4 37. Rb8+ Kg7 38. Rc8 a3 39. bxa3 Rxc3 40. Ne3 Rc1+ 41. Kh2 Bd6+ 0-1

[Event "67. Provinciale PD"]
[Site "Monselice ITA"]
[Date "2007.01.14"]
[Round "4.7"]
[White "Liberi, Michele"]
[Black "De Marchi, Alessandro"]
[Result "0-1"]
[WhiteElo "1440"]
[BlackElo "1561"]
[Annotator "Gabriele Ballarin"]
[PlyCount "74"]
[EventDate "2007.01.12"]
[EventType "swiss"]
[EventRounds "5"]
[EventCountry "ITA"]

1. d4 c5 2. d5 d6 3. e4 Nf6 4. Bd3 g6 5. c4 Bg7 6. Nc3 O-O 7. h3 Na6 8. a3 Nc7 9. f4 a6 10. Nf3 Nd7 11. Qc2 Rb8 12. g4 b5 13. cxb5 axb5 14. b4 c4 15. Be2 e6 16. dxe6 fxe6 17. Be3 Qf6 18. Nd4 e5 19. g5 Qf7 20. Ndxb5 Nxb5 21. Nxb5 d5 22. exd5 Nb6 23. Bxb6 Rxb6 24. Bxc4 Qxf4 25. Rd1 Bf5 26. Qe2 Qh4+ 27. Kd2 Qxg5+ 28. Qe3 Qh4 29. Qxb6 Qxc4 30. Nd6 Qxd5+ 31. Ke1 Qxh1+ 32. Ke2 Qxh3 33. Nxf5 Qxf5 34. Qe3 Qh5+ 35. Ke1 Qh1+ 36. Ke2 Qg2+ 37. Kd3 Rd8+ 0-1

[Event "67. Provinciale PD"]
[Site "Monselice ITA"]
[Date "2007.01.14"]
[Round "4.8"]
[White "Pinton, Roberto"]
[Black "Biserni, Federica"]
[Result "0-1"]
[WhiteElo "1440"]
[BlackElo "1392"]
[Annotator "Gabriele Ballarin"]
[PlyCount "64"]
[EventDate "2007.01.12"]
[EventType "swiss"]
[EventRounds "5"]
[EventCountry "ITA"]

1. e4 e5 2. c3 d5 3. Bb5+ Nc6 4. Qa4 Qd6 5. Nf3 Bd7 6. d3 Nf6 7. d4 dxe4 8. dxe5 Nxe5 9. Nd4 Nd3+ 10. Kf1 Nxc1 11. Qc2 Bxb5+ 12. Nxb5 Qa6 13. c4 O-O-O 14. Qxc1 Bc5 15. Qf4 Qb6 16. N1c3 Bd6 17. Qf5+ Rd7 18. Rd1 Qc5 19. Qxc5 Bxc5 20. h4 a6 21. Na3 Rhd8 22. Rxd7 Rxd7 23. Nc2 Rd2 24. Ne3 Bxe3 25. fxe3 Rxb2 26. Rh3 Rc2 27. Ne2 Rxa2 28. Rg3 g6 29. Nd4 a5 30. Rg5 a4 31. Ra5 Ng4 32. Nb5 Nxe3+ 0-1

[Event "67. Provinciale PD"]
[Site "Monselice ITA"]
[Date "2007.01.14"]
[Round "5.1"]
[White "Sinato, Fabrizio"]
[Black "Pomaro, Alberto"]
[Result "1/2-1/2"]
[WhiteElo "1927"]
[BlackElo "2054"]
[Annotator "Gabriele Ballarin"]
[PlyCount "28"]
[EventDate "2007.01.12"]
[EventType "swiss"]
[EventRounds "5"]
[EventCountry "ITA"]

1. e4 c6 2. d4 d5 3. Nc3 dxe4 4. Nxe4 Bf5 5. Ng3 Bg6 6. Nf3 Nd7 7. Bc4 e6 8. O-O Ngf6 9. Re1 Be7 10. Nh4 O-O {=} 11. Nxg6 hxg6 12. Qd3 Nb6 13. Bb3 c5 14. Be3 Rc8 1/2-1/2

[Event "67. Provinciale PD"]
[Site "Monselice ITA"]
[Date "2007.01.14"]
[Round "5.2"]
[White "Rosina, Graziano"]
[Black "Cacco, Christian"]
[Result "0-1"]
[WhiteElo "1779"]
[BlackElo "2291"]
[Annotator "Gabriele Ballarin"]
[PlyCount "116"]
[EventDate "2007.01.12"]
[EventType "swiss"]
[EventRounds "5"]
[EventCountry "ITA"]

1. e4 c5 2. c4 g6 3. Nc3 Bg7 4. g3 Nc6 5. Bg2 d6 6. Nge2 Nf6 7. O-O h5 8. h4 Be6 9. d3 Qc8 10. Nd5 Ng4 11. f3 Nge5 12. a3 Bxd5 13. exd5 Nb8 14. Kh2 Nbd7 15. Bh3 Qc7 16. Nc3 Nf6 17. Ne4 O-O 18. Nxf6+ exf6 19. f4 Nd7 20. g4 hxg4 21. Qxg4 f5 22. Qf3 Qd8 23. h5 Kh7 24. hxg6+ fxg6 25. Qg3 Bd4 26. Bd2 Qf6 27. Rae1 Rfe8 28. b4 b6 29. Rxe8 Rxe8 30. Re1 Re7 31. Be3 Bxe3 32. Rxe3 Rxe3 33. Qxe3 Qf7 34. bxc5 bxc5 35. Qe6 Qxe6 36. dxe6 Nf6 37. Bg2 Kg7 38. Bd5 Kf8 39. Kg3 Nh5+ 40. Kf3 Ke7 41. Ke3 Ng7 42. d4 Nxe6 43. dxc5 dxc5 44. Bf3 Kf6 45. Bd1 g5 46. fxg5+ Nxg5 47. Ba4 Ke5 48. Bc6 Ne6 49. a4 Kf6 50. a5 Kg5 51. Bd5 Ng7 52. Bf3 Ne8 53. a6 Nd6 54. Bd5 f4+ 55. Kf3 Kf5 56. Bg8 Ke5 57. Kg4 Ke4 58. Bd5+ Ke3 0-1

[Event "67. Provinciale PD"]
[Site "Monselice ITA"]
[Date "2007.01.14"]
[Round "5.3"]
[White "Rossato, Armando"]
[Black "Guclu, Yaman"]
[Result "1-0"]
[WhiteElo "2070"]
[BlackElo "2033"]
[Annotator "Gabriele Ballarin"]
[PlyCount "77"]
[EventDate "2007.01.12"]
[EventType "swiss"]
[EventRounds "5"]
[EventCountry "ITA"]

1. e4 e5 2. f4 exf4 3. Nf3 d6 4. Bc4 h6 5. h4 Bg4 6. d4 Be7 7. Bxf4 Bxh4+ 8. Kd2 Nc6 9. c3 Be7 10. Qb3 Na5 11. Bxf7+ Kf8 12. Qa4 Kxf7 13. Qxa5 Nf6 14. Kd3 Re8 15. Nbd2 c5 16. Qa4 Qb6 17. Qc4+ d5 18. Ne5+ Kf8 19. exd5 Bf5+ 20. Ke3 cxd4+ 21. cxd4 Rec8 22. Qb3 Qxb3+ 23. Nxb3 Nxd5+ 24. Kf3 Rc2 25. g4 Be6 26. Rh2 Rac8 27. Ng6+ Kf7 28. Nxe7 Kxe7 29. Nc5 Rxh2 30. Bxh2 Rf8+ 31. Kg3 Ne3 32. Nxe6 Kxe6 33. Re1 Kd5 34. Rxe3 Kxd4 35. Rf3 Re8 36. Bg1+ Kc4 37. Re3 Rxe3+ 38. Bxe3 Kb5 39. Bxa7 1-0